000 01035nam a22003257a 4500
003 CHAP
005 20220329143241.0
008 070830d2002 mx r 00110 spa d
010 _a93940
011 _a94912
020 _a9706401873
035 _a105511
040 _cCHAP
082 0 4 _a621.01
_bG2
100 0 0 _aGarcía-Colín Scherer, Leopoldo.
_946822
245 1 0 _aIntroducción a la termodinámica de sistemas abiertos
_c/por Leopoldo García-Colín Scherer
260 _aMéxico, D. F. :
_bEl Colegio Nacional,
_c2002
300 _a149 p. :
_bgráfs.
590 _aBATCH-UPD
_b10
_c20130110
_lUCH01
_h1125
590 _aBATCH-UPD
_b10
_c20130410
_lUCH01
_h0714
590 _aBATCH-UPD
_b10
_c20130914
_lUCH01
_h1533
590 _aCONVERSION
_b10
_c20130109
_lUCH01
_h1352
650 1 4 _aGases.
_947216
650 1 4 _aIngeniería química.
_958271
650 1 4 _aTermodinámica.
_9112366
901 _aBK
905 _aElisama A. H.
942 _cLIBRO
949 _a621.01 G2
_bBC
_cLIBRO
_d33724002036991
_eLIBRO
_h105751
_i105511
_sb
999 _c93940
_d93940